|
|
|
|
| LEADER |
00000nam1a2200000 4500 |
| 001 |
49368 |
| 005 |
20231101211211.0 |
| 035 |
|
|
|a (RuTPU)RU\TPU\book\51690
|
| 035 |
|
|
|a RU\TPU\tpu\9698
|
| 090 |
|
|
|a 49368
|
| 100 |
|
|
|a 20030331d1974 k y0rusy50 ca
|
| 101 |
1 |
|
|a fre
|c rus
|
| 102 |
|
|
|a RU
|
| 200 |
1 |
|
|a Гидромеханика
|d Mecanique des fluides
|e пер. с рус.
|f К. К. Федяевский, Я. И. Войткунский, Ю. И. Фаддеев
|
| 210 |
|
|
|a Москва
|c Мир
|d 1974
|
| 215 |
|
|
|a 600 с.
|c ил.
|
| 320 |
|
|
|9 572
|a Библиогр.: с. 590-591
|
| 320 |
|
|
|9 572
|a Алфавитно-предметный указатель: с. 592-595
|
| 510 |
1 |
|
|a Mecanique des fluides
|z fre
|
| 606 |
1 |
|
|a Гидромеханика
|2 stltpush
|3 (RuTPU)RU\TPU\subj\6772
|9 34575
|
| 610 |
1 |
|
|a движение
|
| 610 |
1 |
|
|a жидкости
|
| 610 |
1 |
|
|a гидростатика
|
| 610 |
1 |
|
|a кинематика
|
| 610 |
1 |
|
|a динамика
|
| 610 |
1 |
|
|a безвихревые течения
|
| 610 |
1 |
|
|a вихревые течения
|
| 610 |
1 |
|
|a турбулентные течения
|
| 610 |
1 |
|
|a теория пограничного слоя
|
| 610 |
1 |
|
|a теория крыла
|
| 610 |
1 |
|
|a волны
|
| 610 |
1 |
|
|a глиссирование
|
| 610 |
1 |
|
|a кавитация
|
| 675 |
|
|
|a 532
|v 3
|
| 700 |
|
1 |
|a Федяевский
|b К. К.
|
| 701 |
|
1 |
|a Войткунский
|b Я. И.
|
| 701 |
|
1 |
|a Фаддеев
|b Ю. И.
|
| 801 |
|
1 |
|a RU
|b 63413507
|c 20020920
|g PSBO
|
| 801 |
|
2 |
|a RU
|b 63413507
|c 20200925
|g PSBO
|
| 942 |
|
|
|c BK
|